002220000a220007300045001000026000002450043000263000046000697730033001151 aGoheen, Mike (1955- )10aToward a missiology of western culture aVol. 8, Núm 2 (1999), Páginas 155-1680 tEuropean Journal of Theology